00294nam a22001457a 4500003000500000020001500005038001200020082001700032100001700049245002100066260002600087300001300113500001500126563000700141NUST a8178330008 akhadija a610.28 bBOH aBoard, NIIR. aMedical Plastics aNew DehlibAPBPc2010 a354 p. ; aPaperback. aPB